000 00821nam a22002417a 4500
001 BINCO
003 CO-MdBIC
005 20220406172324.0
008 220406b1999 ck a|||| |||| 00| 0 spa d
020 _a9586380785
040 _a CO-MdBIC
_bspa.
_cCO-MdBIC
_d CO-MdBIC
041 _aspa
082 _222
_a863
_bN717
100 _aNiño, Jairo Aníbal,
_d1941
245 _aLa señora contraria
_c/ Jairo Aníbal Niño
_f1941
260 1 _aMedellín, Colombia:
_bColonia
_c[1999]
260 4 _a©1999
300 _a22 paginas;
_bilustraciones a color:
_c22 cm.
500 _aLa colonia dorada recoge para los niños, la obra más significativa de reconocidos autores latinoamericanos de libros infantiles.
650 7 _9100
_aEducación infantil
700 _aJairo Aníbal Niño
_d1941
_eilustrador
942 _cLGB
999 _c67695
_d67695